| 000 | 01452nam a2200421 c 4500 | ||
|---|---|---|---|
| 001 | 13024 | ||
| 003 | ES-MaCES | ||
| 005 | 20150925133411.0 | ||
| 008 | 011203s2000 sp a r 000 | spa d | ||
| 017 |
_aM 9208-2000 _bDL |
||
| 020 | _a8478421858 | ||
| 035 | _aCES20010017941m | ||
| 040 |
_aES-MaCES _bspa _cES-MaCES |
||
| 245 | 0 | 0 | _aGuía de las empresas que ofrecen empleo 2000 |
| 260 |
_aMadrid _bFundación Universidad-Empresa, con la colaboración de Iberdrola y European Forum for Careers Information _c[2000] |
||
| 300 |
_a624 p. _bil. col. _c30 cm |
||
| 500 | _aÍndices | ||
| 541 | _cGratuito | ||
| 650 | 4 |
_anecesidad de mano de obra _928296 |
|
| 650 | 4 |
_aselección _930039 |
|
| 650 | 4 |
_abúsqueda de empleo _927759 |
|
| 650 | 4 |
_asolicitante de empleo _929949 |
|
| 650 | 4 |
_aempresa de trabajo temporal _929837 |
|
| 650 | 4 |
_aEspaña _926964 |
|
| 650 | 4 |
_a2000 _930991 |
|
| 650 | 4 |
_aguía _929262 |
|
| 650 | 4 |
_adirectorio _928972 |
|
| 653 | 1 | 0 | _aObras de referencia |
| 650 | 4 |
_928178 _aempresa |
|
| 710 | 2 |
_aFundación Universidad-Empresa (Madrid) _eed. _93920 |
|
| 710 | 2 |
_aEuropean Forum for Careers Information _ecol. _93495 |
|
| 710 | 2 |
_aIberdrola _ecol. _94029 |
|
| 787 | 0 |
_tGuía de las empresas que ofrecen empleo 2001 _w(ES-MaCES)13437 |
|
| 787 | 0 |
_tGuía de las empresas que ofrecen empleo 1999 _w(ES-MaCES)8711 |
|
| 902 | _aLIB Libro | ||
| 942 |
_2CES _cBK _h9.2. |
||
| 999 |
_c13024 _d13024 |
||